Minikrížovky

Bibliographic Details
Other Authors: Vrabec, E. (Compiler), Svetko, Karol (Compiler)
Format: Journal
Language:Slovak
PhysicalDescription:zv. 21 cm
Published: Bratislava Spoločnosť vzelávania krížovkami 1990-
Bratislava Svet v krížovkach
Bratislava Ľ. Kordisch
Bratislava Ľudovít Kordisch
Bratislava Matej Kordisch
ISSN:1335-471X
Subjects:

MARC

LEADER 00000cas a2200000 a 4500
001 vtls008427897
003 SK-MaSNL
005 20260228161034.0
008 060202c19909999xo mr p 0 b0slo
022 |a 1335-471X 
040 |a SNK  |b slo  |c SNK  |e AACR2 
041 0 |a slo 
044 |a xo  |c SK 
072 7 |a 793  |x Spoločenské zábavy  |2 konspekt 
080 |a 793.7  |2 2011 
080 |a 379.8  |2 2011 
080 |a 050  |2 2011 
210 0 |a Minikrížovky  |b (Bratisl.) 
222 0 |a Minikrížovky  |b (Bratislava) 
245 0 0 |a Minikrížovky 
260 |a Bratislava  |b Spoločnosť vzelávania krížovkami  |c 1990- 
260 2 |3 4/1990-5/2014  |a Bratislava  |b Svet v krížovkach 
260 2 |3 6/2014  |a Bratislava  |b Ľ. Kordisch 
260 2 |3 1/2017-8/2017  |a Bratislava  |b Ľudovít Kordisch 
260 3 |3 9/2017-  |a Bratislava  |b Matej Kordisch 
300 |a zv.  |c 21 cm 
310 |a 1x mesačne 
500 |a Č.1 (1990)- 
500 |a Reg. č.: MK SR 37/90 
500 |a Zostavil: 1/1990-3/1990, E. Vrabec ; 4/1990-3/2000, Karol Svetko 
500 |a Reg. číslo: 37/90 
500 |a Evidenčné číslo: EV 3120/09 ; EV 5588/2017 
500 |a Časopis v r. 2015-2016 nevychádzal 
500 |a Podnázov od č. 12/2017: staronový krížovkársky časopis 
500 |a Podnázov tiráži: mesačník 
515 |a V č. 11/2019 a v č. 12/2019 uvedený roč. 30; rok 2020 pokračuje ročníkom 31 
525 |a Príl. Minikrížovky ARARA 
650 0 7 |a krížovky  |2 SNKPH  |9 3313 
655 7 |a časopisy pre voľný čas  |2 SNKPH  |9 70337 
700 1 |a Vrabec, E.  |4 com  |9 267842 
700 1 |a Svetko, Karol  |4 com  |9 267843 
770 0 |t Minikrížovky ARARA  |x 1335-4744  |w vtls011920522 
910 |a snk 
999 |c 4149  |d 6079 
952 |0 0  |1 0  |4 0  |7 0  |8 0  |a SNK  |b SNK  |d 2009-03-16  |i snk2009/5451  |l 0  |o snkČSD 1782/13/2002  |p 17A0600282  |r 2026-02-21 19:30:52  |t č. 1-12  |w 2026-02-21  |y PREZ 
952 |0 0  |1 0  |4 0  |7 0  |8 0  |a SNK  |b SNK  |d 2009-03-16  |i snk2009/5452  |l 0  |o snkČSD 1782/13/2002 D1  |p 17A0600281  |r 2026-02-21 19:30:52  |t č. 1-12  |w 2026-02-21  |y PREZ 
952 |0 0  |1 0  |4 0  |7 0  |8 0  |a SNK  |b SNK  |d 2009-03-16  |i snk2009/5454  |l 0  |o snkČSD 1782/14/2003 D1  |p 17A0600276  |r 2026-02-21 19:30:52  |t č. 1-12  |w 2026-02-21  |y PREZ 
952 |0 0  |1 0  |4 0  |7 0  |8 0  |a SNK  |b SNK  |d 2009-03-16  |i snk2009/5455  |l 0  |o snkČSD 1782/15/2004  |p 17A0600277  |r 2026-02-21 19:30:52  |t č. 1-12  |w 2026-02-21  |y PREZ 
952 |0 0  |1 0  |4 0  |7 0  |8 0  |a SNK  |b SNK  |d 2009-03-16  |i snk2009/5458  |l 0  |o snkČSD 1782/15/2004 D1  |p 17A0600278  |r 2026-02-21 19:30:52  |t č. 1-12  |w 2026-02-21  |y PREZ 
952 |0 0  |1 0  |4 0  |7 0  |8 0  |a SNK  |b SNK  |d 2023-10-02  |i snk2023/14116  |l 0  |o snkČSD 1782/31/2020  |p 17A1521550  |r 2026-02-21 19:47:40  |t č. 1-12  |w 2026-02-21  |y PREZ 
952 |0 0  |1 0  |4 0  |7 0  |8 0  |a SNK  |b SNK  |d 2023-10-02  |i snk2023/14117  |l 0  |o snkČSD 1782/32/2021  |p 17A1521551  |r 2026-02-21 19:47:40  |t č. 1-12  |w 2026-02-21  |y PREZ 
952 |0 0  |1 0  |4 0  |7 0  |8 0  |a SNK  |b SNK  |d 2023-10-02  |i snk2023/14118  |l 0  |o snkČSD 1782/33/2022  |p 17A1521552  |r 2026-02-21 19:47:40  |t č. 1-12  |w 2026-02-21  |y PREZ 
952 |0 0  |1 0  |4 0  |7 0  |8 0  |a SNK  |b SNK  |d 2009-03-16  |i snk2009/5453  |l 0  |o snkČSD 1782/14/2003  |p 17A0600275  |r 2026-02-21 20:07:09  |t č. 1-12  |w 2026-02-21  |y PREZ 
952 |0 0  |1 0  |4 0  |7 1  |a SNK  |b SNK  |d 2020-02-27  |i snkČSP 5501/91  |l 0  |o snkČSD 1782/1990  |p 17A0828639  |r 2026-02-21 20:13:42  |t č. 1-5  |w 2026-02-21  |y NEVYP 
952 |0 0  |1 0  |4 0  |7 0  |a SNK  |b SNK  |d 2002-07-15  |l 0  |o snkČSD 1782/1990 D1  |p 17A0269355  |r 2005-01-02 00:00:00  |w 2026-02-21  |y PREZ 
952 |0 0  |1 0  |4 0  |7 0  |a SNK  |b SNK  |d 2002-07-15  |l 0  |o snkČSD 1782/2/1991 D1  |p 17A0269263  |r 2005-01-02 00:00:00  |t č. 1-12  |w 2026-02-21  |y PREZ 
952 |0 0  |1 0  |4 0  |7 0  |a SNK  |b SNK  |d 2002-07-15  |l 0  |o snkČSD 1782/3/1992 D1  |p 17A0269517  |r 2005-01-02 00:00:00  |t č. 1-12  |w 2026-02-21  |y PREZ 
952 |0 0  |1 0  |4 0  |7 0  |a SNK  |b SNK  |d 2002-07-15  |l 0  |o snkČSD 1782/4/1993 D1  |p 17A0269359  |r 2005-01-02 00:00:00  |t č. 1-12  |w 2026-02-21  |y PREZ 
952 |0 0  |1 0  |4 0  |7 0  |a SNK  |b SNK  |d 2018-08-06  |i snkČSP 414/2002  |l 0  |o snkČSD 1782/9/1998 D1  |p 17A1153703  |r 2026-02-21 22:20:07  |t č. 1-12  |w 2026-02-21  |y PREZ 
952 |0 0  |1 0  |4 0  |7 0  |8 0  |a SNK  |b SNK  |d 2020-02-28  |i snk2020/5099  |l 0  |o snkČSD 1782/16/2005  |p 17A1386472  |r 2026-02-21 22:30:03  |t č. 1-12  |w 2026-02-21  |y PREZ 
952 |0 0  |1 0  |4 0  |7 1  |8 0  |a SNK  |b SNK  |d 2020-02-28  |i snk2020/5101  |l 0  |o snkČSD 1782/17/2006  |p 17A1386471  |r 2026-02-21 22:30:03  |t č. 1-12  |w 2026-02-21  |y NEVYP 
952 |0 0  |1 0  |4 0  |7 0  |8 0  |a SNK  |b SNK  |d 2020-02-28  |i snk2020/5105  |l 0  |o snkČSD 1782/18/2007  |p 17A1386470  |r 2026-02-21 22:30:04  |t č. 1-12  |w 2026-02-21  |y PREZ 
952 |0 0  |1 0  |4 0  |7 0  |8 0  |a SNK  |b SNK  |d 2020-02-28  |i snk2020/5108  |l 0  |o snkČSD 1782/19/2008  |p 17A1386469  |r 2026-02-21 22:30:04  |t č. 1-12  |w 2026-02-21  |y PREZ 
952 |0 0  |1 0  |4 0  |7 0  |8 0  |a SNK  |b SNK  |d 2020-02-28  |i snk2020/5113  |l 0  |o snkČSD 1782/20/2009  |p 17A1386468  |r 2026-02-21 22:30:04  |t č. 1-12  |w 2026-02-21  |y PREZ 
952 |0 0  |1 0  |4 0  |7 0  |8 0  |a SNK  |b SNK  |d 2020-02-28  |i snk2020/5114  |l 0  |o snkČSD 1782/21/2010  |p 17A1386467  |r 2026-02-21 22:30:04  |t č. 1-12  |w 2026-02-21  |y PREZ 
952 |0 0  |1 0  |4 0  |7 0  |8 0  |a SNK  |b SNK  |d 2020-02-28  |i snk2020/5115  |l 0  |o snkČSD 1782/22/2011  |p 17A1386466  |r 2026-02-21 22:30:04  |t č. 1-12  |w 2026-02-21  |y PREZ 
952 |0 0  |1 0  |4 0  |7 0  |8 0  |a SNK  |b SNK  |d 2020-02-28  |i snk2020/5116  |l 0  |o snkČSD 1782/23/2012  |p 17A1386465  |r 2026-02-21 22:30:04  |t č. 1-12  |w 2026-02-21  |y PREZ 
952 |0 0  |1 0  |4 0  |7 0  |8 0  |a SNK  |b SNK  |d 2020-02-28  |i snk2020/5117  |l 0  |o snkČSD 1782/24/2013  |p 17A1386464  |r 2026-02-21 22:30:04  |t č. 1-12  |w 2026-02-21  |y PREZ 
952 |0 0  |1 0  |4 0  |7 0  |8 0  |a SNK  |b SNK  |d 2020-02-28  |i snk2020/5121  |l 0  |o snkČSD 1782/25/2014  |p 17A1386463  |r 2026-02-21 22:30:04  |t č. 1-6  |w 2026-02-21  |y PREZ 
952 |0 0  |1 0  |4 0  |7 0  |8 0  |a SNK  |b SNK  |d 2020-02-28  |i snk2020/5127  |l 0  |o snkČSD 1782/26/2017  |p 17A1386462  |r 2026-02-21 22:30:04  |t č. 12  |w 2026-02-21  |y PREZ 
952 |0 0  |1 0  |4 0  |7 0  |8 0  |a SNK  |b SNK  |d 2020-02-28  |i snk2020/5131  |l 0  |o snkČSD 1782/27/2018  |p 17A1386461  |r 2026-02-21 22:30:04  |t č. 1-12  |w 2026-02-21  |y PREZ 
952 |0 0  |1 0  |4 0  |7 0  |8 0  |a SNK  |b SNK  |d 2020-02-28  |i snk2020/5134  |l 0  |o snkČSD 1782/28/2019  |p 17A1386460  |r 2026-02-21 22:30:04  |t č. 1-12  |w 2026-02-21  |y PREZ  |z V č. 11 a v č. 12 uvedený roč. 30 
952 |0 0  |1 0  |4 0  |7 0  |8 0  |a SNK  |b SNK  |d 2020-02-27  |i snkČSP 2458/92  |l 0  |o snkČSD 1782/2/1991  |p 17A0829246  |r 2026-02-21 22:30:11  |t č. 1-12  |w 2026-02-21  |y PREZ 
952 |0 0  |1 0  |4 0  |7 0  |8 0  |a SNK  |b SNK  |d 2020-02-27  |i snkČSP 2445/93  |l 0  |o snkČSD 1782/3/1992  |p 17A0829247  |r 2026-02-21 22:30:11  |t č. 1-12  |w 2026-02-21  |y PREZ 
952 |0 0  |1 0  |4 0  |7 0  |8 0  |a SNK  |b SNK  |d 2020-02-27  |i snkČSP 4774/94  |l 0  |o snkČSD 1782/4/1993  |p 17A0829248  |r 2026-02-21 22:30:11  |t č. 1-12  |w 2026-02-21  |y PREZ 
952 |0 0  |1 0  |4 0  |7 0  |8 0  |a SNK  |b SNK  |d 2020-02-27  |i snkČSP 1614/97  |l 0  |o snkČSD 1782/5/1994  |p 17A0829249  |r 2026-02-21 22:30:11  |t č. 1-12  |w 2026-02-21  |y PREZ 
952 |0 0  |1 0  |4 0  |7 0  |8 0  |a SNK  |b SNK  |d 2020-02-27  |i snkČSP 1618/97  |l 0  |o snkČSD 1782/6/1995  |p 17A0829250  |r 2026-02-21 22:30:11  |t č. 1-12  |w 2026-02-21  |y PREZ 
952 |0 0  |1 0  |4 0  |7 0  |8 0  |a SNK  |b SNK  |d 2020-02-27  |i snkČSP 1616/97  |l 0  |o snkČSD 1782/7/1996  |p 17A0829251  |r 2026-02-21 22:30:11  |t č. 1-12  |w 2026-02-21  |y PREZ 
952 |0 0  |1 0  |4 0  |7 0  |8 0  |a SNK  |b SNK  |d 2020-02-27  |i snkČSP 395/2002  |l 0  |o snkČSD 1782/8/1997  |p 17A0829252  |r 2026-02-21 22:30:11  |t č. 1-12  |w 2026-02-21  |y PREZ 
952 |0 0  |1 0  |4 0  |7 0  |8 0  |a SNK  |b SNK  |d 2020-02-27  |i snkČSP 413/2002  |l 0  |o snkČSD 1782/9/1998  |p 17A0829253  |r 2026-02-21 22:30:11  |t č. 1-12  |w 2026-02-21  |y PREZ 
952 |0 0  |1 0  |4 0  |7 0  |8 0  |a SNK  |b SNK  |d 2020-02-27  |i snkČSP 409/2002  |l 0  |o snkČSD 1782/10/1999  |p 17A0829255  |r 2026-02-21 22:30:11  |t č. 1-12  |w 2026-02-21  |y PREZ 
952 |0 0  |1 0  |4 0  |7 0  |8 0  |a SNK  |b SNK  |d 2020-02-27  |i snkČSP 407/2002  |l 0  |o snkČSD 1782/11/2000  |p 17A0829257  |r 2026-02-21 22:30:11  |t č. 1-12  |w 2026-02-21  |y PREZ 
952 |0 0  |1 0  |4 0  |7 0  |8 0  |a SNK  |b SNK  |d 2020-02-27  |i snkČSP 411/2002  |l 0  |o snkČSD 1782/12/2001  |p 17A0893295  |r 2026-02-21 22:30:11  |t č. 1-12  |w 2026-02-21  |y PREZ